| 000 | 01428nam a22001937a 4500 | ||
|---|---|---|---|
| 005 | 20260121203658.0 | ||
| 008 | 260121b ||||fr|||| 00| 0 eng d | ||
| 020 | _a958-33-5042-7 | ||
| 040 |
_aCENDOC CAAAP _bspa _cCAAAP |
||
| 041 | _aspa | ||
| 050 |
_aQ 127.C6 _bP35 |
||
| 245 | 1 |
_aAgenda Prospectiva De Ciencia Y Tecnología Amazonas / _cGermán Palcio Castañeda(coordinador) |
|
| 250 | _a1ra edición | ||
| 260 | 1 |
_aManizales, Colombia : _bUniversidad Nacional de Colombia, _c2003. |
|
| 300 |
_a178 páginas : _bfotografias, _c24 x 18 cm |
||
| 521 | _aLa obra aborda la formulación de una agenda prospectiva de ciencia y tecnología para la región amazónica colombiana, partiendo del diagnóstico de la desigual distribución de las capacidades investigativas en el país. Analiza cómo la concentración histórica de la actividad científico-tecnológica en grandes ciudades ha relegado a regiones como la Amazonia y la Orinoquia, y plantea la prospectiva como una herramienta de gestión orientada a reducir estas brechas. En este marco, la agenda busca legitimar la actividad científica y tecnológica, integrar a la Amazonia en los procesos nacionales de producción de conocimiento y fortalecer el desarrollo regional a través de la investigación y la innovación. | ||
| 650 | 0 |
_93090 _aCiencia y Tecnología _vInvestigación científica _xDesarrollo regional _zAmazonia colombiana |
|
| 942 |
_2lcc _bDD - MM - AA _cBK |
||
| 999 |
_c4365 _d4365 |
||